000 00941nam a22002537a 4500
008 240605b mp ||||| |||| 00| 0 mon d
020 _a978-99973-1-910-4
035 _a24467
040 _aHE0623081
_bmon
_cMN-UlNLM
_dMN-UlNLM
_erda
041 _amon
042 _a57398
084 _2NNA
_a84(0)-44
_bР.796
100 _aРоулинг Ж.К
245 0 _aХарри Поттер ба Эрлийз хунтайж
264 _aУБ.
_bМонсудар
_c2021
300 _a900х.
336 _2rdacontent
_atext
_btxt
337 _2rdamedia
_aunmediated
_bn
338 _2rdacarrier
_avolume
_bnc
490 _v6
650 _aИх Британийн зохиолч Ж.К.Роулингийн бичсэн өсвөр насны шидтэн хүү болох Харри Поттерын тухай өгүүлсэн долоон цуврал, уран зөгнөл...
942 _2NNA
_cBK
999 _c894463
_d894520